000 01195nam0a22002531 4500
001 rc\4694087
005 20260407124143.0
021 _aRU
_bРг5465-60
035 _a(NLR Aleph) 008429613
090 _a9408865
_c9408865
100 _a20130416g19591960|||y0rusy50 ca
101 0 _arus
102 _aRU
105 _ay ac |||||
200 1 _aПроизводство деревянной тары
_eБиблиогр. указатель отеч. и иностр. литературы за 1947-1959 гг.
_fГос. науч.-техн. ком. Совета Министров РСФСР. Центр. науч.-техн. б-ка лесной и бумажной пром-ти ЦНТБ
210 _aМосква
_cБ. и.
_d1959 обл. 1960
215 _a107 с.
_d29
300 _aОтпеч. множит. аппаратом на одной стороне листа
712 0 2 _aЦентральная научно-техническая библиотека лесной и бумажной промышленности
_cМосква
_3RU\NLR\AUTH\889964987
_9426185
801 0 _aRU
_bNLR
_gpsbo
801 1 _aRU
_bELAR
_2rusmarc
852 _aNLR
_jС769Дер./П80
942 _cBOOK
980 _aNB